Estudios jurídico-canónicos conmemorativos del primer cincuentenario de la restauración de la Facultad de Derecho Canónico en Salamanca : (Record n. 12656)

Dettagli MARC
000 -LEADER
fixed length control field 01290nam a2200277 a 4500
003 - CONTROL NUMBER IDENTIFIER
control field IT-RoINE
005 - DATE AND TIME OF LATEST TRANSACTION
control field 20211202090341.0
008 - FIXED-LENGTH DATA ELEMENTS--GENERAL INFORMATION
fixed length control field 980716s1991 sp r 000 | spa d
020 ## - INTERNATIONAL STANDARD BOOK NUMBER
International Standard Book Number 8472992713
040 ## - CATALOGING SOURCE
Original cataloging agency UCM.DER
Modifying agency USA.FVI
-- UPSA
-- IT-RoINE
Transcribing agency esslup
245 00 - TITLE STATEMENT
Title Estudios jurídico-canónicos conmemorativos del primer cincuentenario de la restauración de la Facultad de Derecho Canónico en Salamanca :
Remainder of title (1940-1989) /
Statement of responsibility, etc Antonio García y García (ed.)
260 ## - PUBLICATION, DISTRIBUTION, ETC. (IMPRINT)
Place of publication, distribution, etc Salamanca :
Name of publisher, distributor, etc Publicaciones Universidad Pontificia,
Date of publication, distribution, etc 1991.
300 ## - PHYSICAL DESCRIPTION
Extent 397 p. ;
Dimensions 24 cm.
336 ## - CONTENT TYPE
Source rdacontent
Content type term text
337 ## - MEDIA TYPE
Source rdamedia
Media type term unmediated
338 ## - CARRIER TYPE
Source rdacarrier
Carrier type term volume
490 1# - SERIES STATEMENT
Series statement Bibliotheca salmanticensis.
-- Estudios ;
Volume number/sequential designation 141
505 1# - FORMATTED CONTENTS NOTE
Formatted contents note Apéndices: Antiguo alumnos de la Facultad de Derecho Canónico de Salamanca / por Federco R. Aznar Gil, Mariano Sanz González.
610 24 - SUBJECT ADDED ENTRY--CORPORATE NAME
Corporate name or jurisdiction name as entry element Universidad Pontificia de Salamanca (España).
Subordinate unit Facultad de Derecho Canónico
9 (RLIN) 82271
650 #4 - SUBJECT ADDED ENTRY--TOPICAL TERM
Topical term or geographic name as entry element Derecho canónico
Form subdivision Legislación
9 (RLIN) 42473
700 1# - ADDED ENTRY--PERSONAL NAME
9 (RLIN) 3141
Personal name Aznar Gil, Federico R.,
Dates associated with a name 1953-
700 1# - ADDED ENTRY--PERSONAL NAME
Personal name Sanz González, Mariano,
Dates associated with a name 1959-
9 (RLIN) 25720
700 1# - ADDED ENTRY--PERSONAL NAME
9 (RLIN) 4988
Personal name García y García, Antonio,
Titles and other words associated with a name O.F.M.,
Dates associated with a name 1928-2013
830 #0 - SERIES ADDED ENTRY--UNIFORM TITLE
9 (RLIN) 3087
Uniform title Bibliotheca Salmanticensis.
Name of part/section of a work Estudios ;
Volume number/sequential designation 141
942 ## - ADDED ENTRY ELEMENTS (KOHA)
Item type Monografías
Dati di copia
Withdrawn status Lost status Damaged status Not for loan Home library Current library Date acquired Total Checkouts Full call number Barcode Date last seen Price effective from Koha item type
        Iglesia Nacional Española en Roma Iglesia Nacional Española en Roma 08/09/2016   COL.A 40.141 28703 08/09/2016 08/09/2016 Monografías
        Iglesia Nacional Española en Roma Iglesia Nacional Española en Roma 13/02/2019   NOVALÍN 1590 NOV-1743 13/02/2019 13/02/2019 Monografías